| 000 | 00666nam a22002177a 4500 | ||
|---|---|---|---|
| 999 |
_c9357 _d9357 |
||
| 003 | AR-CdUCM | ||
| 008 | 190327b ||||| |||| 00| 0 spa d | ||
| 040 |
_aMUNICIPALIDAD PROVINCIAL DEL CUSCO _cBIBLIOTECA MUNICIPAL DEL CUSCO |
||
| 082 |
_a869.55 / _bSE456 |
||
| 100 |
_aSegura, Manuel Ascensio _92695 |
||
| 245 | _aÑa Catita / | ||
| 260 |
_bEdiciones Nuevo Mundo, _c1972. |
||
| 300 |
_a134 páginas ; _c17 cm. |
||
| 500 | _aDonación familia Nieto | ||
| 505 | _aContenido: Comedia en cuatro actos. | ||
| 650 |
_aComedia en cuatro actos _925498 |
||
| 650 |
_aTeatro _9173 |
||
| 650 |
_aHistoria latinoamericana _912945 |
||
| 942 |
_2ddc _cLIBROS |
||
| 945 | _adavv | ||